| 000 | 00309nam a2200085Ia 4500 | ||
|---|---|---|---|
| 245 | 0 | _aParenting your defiant child : from toddlers to teens: the Kazdin method for managing difficult behaviour | |
| 100 |
_a KAZDIN, Alan E. London, 2009 _982340 |
||
| 942 | _cBK | ||
| 008 | 210817s9999 xx 000 0 und d | ||
| 999 |
_c297097 _d297096 |
||